Business Marketing Management Marketing of Business Products and Services
Uložené v:
| Hlavný autor: | |
|---|---|
| Médium: | Kniha |
| Jazyk: | English |
| Vydavateľské údaje: |
Englewood Cliffs
Prentice Hall
1990
|
| Vydanie: | 1. ed. |
| Predmet: | |
| Tagy: |
Žiadne tagy, Buďte prvý, kto otaguje tento záznam!
|
MARC
| LEADER | 00000nam a2200000 4500 | ||
|---|---|---|---|
| 001 | c004831 | ||
| 005 | 20221206122915.1 | ||
| 020 | |a 0-13-105396-5 | ||
| 041 | 0 | |a eng | |
| 044 | |a US | ||
| 245 | 1 | 0 | |a Business Marketing Management |b Marketing of Business Products and Services |c Robert W. Eckles |
| 250 | |a 1. ed. | ||
| 264 | 1 | |a Englewood Cliffs |b Prentice Hall |c 1990 | |
| 300 | |a 488 s. | ||
| 610 | 2 | 0 | |a podnik |
| 610 | 2 | 0 | |a marketing |
| 610 | 2 | 0 | |a riadenie podnikové |
| 610 | 2 | 0 | |a výrobky |
| 610 | 2 | 0 | |a služby |
| 610 | 2 | 0 | |a trh |
| 610 | 2 | 0 | |a zákazníci |
| 610 | 2 | 0 | |a podnikanie |
| 610 | 2 | 0 | |a prognózovanie |
| 610 | 2 | 0 | |a výskum trhu |
| 610 | 2 | 0 | |a dopyt |
| 610 | 2 | 0 | |a predaj |
| 610 | 2 | 0 | |a manažment |
| 610 | 2 | 0 | |a riadenie strategické |
| 610 | 2 | 0 | |a plánovanie |
| 610 | 2 | 0 | |a stratégia podniková |
| 610 | 2 | 0 | |a tvorba cien |
| 610 | 2 | 0 | |a trh medzinárodný |
| 100 | 1 | |a Eckles, Robert W. | |